000 01382nam a22002417a 4500
003 BJBSDDR
005 20260413153329.0
007 ta
008 260413s2025 xxu||||| |||| 00| 0 eng d
020 _a9781667211428
020 _a1667211420
040 _bspa
_cBJBSDDR
041 _aeng
050 _bD553 2025
100 1 _aDickinson, Emily,
_d1830-1886.
_911402
245 1 4 _aThe poetry of Emily Dickinson /
_cEmily Dickinson
260 _aSan Diego :
_bCanterbury Classics, an imprint of Printers Row Publishing Group,
_c2025
300 _a 340 pages ;
_c20 cm
505 _a Poems (1890) Poems, second series (1891) Poems, third series (1896) The single hound (1914)
520 _aThe Poetry of Emily Dickinson is a collection of pieces by 19th-century American poet Emily Dickinson, who insisted that her life of isolation gave her an introspective and deep connection with the world. As a result, her work parallels her life - misunderstood in its time, but full of depth and imagination, and covering such universal themes as nature, art, friendship, love, society, mortality, and more. During Dickinson's lifetime only seven of her poems were published, but after her death her prolific writings were discovered and shared. With this volume, readers can dive into the now widely respected poetry of Emily Dickinson
942 _2lcc
_n0
_cBK
946 _icmc
999 _c126776
_d126776